000 00956nam a2200277 a 4500
001 BRL_1188
005 20190320211056.0
008 221113s1950----mx-a######---#000-0#spa-#
041 _aspa
044 _amx
050 4 _aNA5257.A8
_b.M47 1950
100 1 _aMercadillo Miranda, José
_926058
245 1 0 _aLa pintura mural del Santuario de Atotonilco
_cJosé Mercadillo Miranda ; Versión inglesa de Gladys J. Bonfiglio.
260 _aMéxico
_bJus
_c1950
300 _axiii, 225 p.
_bil., 91 láminas
_c28 cm.
500 _aAu1347
500 _aTexto en: español e inglés
504 _aBibliografía: p. 213-214
650 1 4 _aSantuario de Atotonilco
_zAtotonilco (México)
_926059
650 1 4 _apintura mural
_zAtotonilco (México)
_926060
650 1 4 _aArte y simbolismo cristianos
_zAtotonilco (México)
_926061
700 1 _aBonfiglio, Gladys J.
_etr.
_926062
740 0 _aThe mural painting of Atotonilco
902 _aGRL
942 _2lcc
_cB
999 _c10000
_d10000